Coupes du Monde de Football: Corée du Nord - Statistiques

Statistiques générales
  • Ce quiz a été pris 153 fois
  • Le résultat moyen est 4 sur 6
Statistiques - réponses
Réponse % Correct
Portugal
92%
Brésil
87%
Italie
72%
Côte d'Ivoire
59%
URSS
56%
Chili
52%
Aucun quiz correspondant
Distribution des résultats
% des personnes avec chaque résultat
Percentile par nombre de réponses
Votre historique - résultats
Vous n’avez pas pris ce quiz